Municipios españoles más poblados que comienzan con R - Estadísticas

Estadísticas generales
  • Esta prueba ha sido intentada 435 veces
  • La puntuación promedio es 5 de 20
Estadísticas de respuestas
Población Municipio Comunidad % Correcto
108.535 Reus Cataluña
77%
105.886 Roquetas del Mar Andalucía
51%
100.053 Rivas-Vaciamadrid Com. de Madrid
49%
33.372 Ronda Andalucía
48%
80.034 Rubí Cataluña
41%
20.565 Requena Com. Valenciana
35%
29.813 Rota Andalucía
35%
8.553 Reinosa Cantabria
32%
10.818 Ripoll Cataluña
26%
28.987 Redondela Galicia
25%
9.862 Ribadeo Galicia
23%
27.009 Ribeira Galicia
19%
51.315 Rincón de la Victoria Andalucía
17%
39.189 Ripollet Cataluña
15%
10.864 Rianxo Galicia
13%
23.722 Riba-roja de Túria Com. Valenciana
11%
9.734 Rute Andalucía
10%
9.465 Rafelbunyol Com. Valenciana
9%
8.445 Reocín Cantabria
7%
17.389 Rojales Com. Valenciana
6%
No se encontraron pruebas coincidentes
Distribución de puntuación
Porcentaje de gente con cada puntuación
Porcentaje por número respondido
Historial de tus puntuaciones
No has intentado esta prueba.